| 000 | 00713nam a22002417a 4500 | ||
|---|---|---|---|
| 005 | 20251108174933.0 | ||
| 008 | 250721s2010 xx 000 0 ara d | ||
| 020 | _a9789776325731 | ||
| 082 | 1 | 4 | _a808.5/كار |
| 100 | 1 |
_aكارنيجي، ديل _eمؤلف |
|
| 245 | 1 | 0 | _aفن الخطابة / |
| 264 | 1 |
_aالجيزة : _bدار مشارق، _c2010. |
|
| 300 | _a156 ص. | ||
| 650 | 1 | 7 | _aالخطابة |
| 650 | 1 | 7 | _aالخطبة المثيرة |
| 650 | 1 | 7 | _aالكلام |
| 650 | 1 | 7 | _aالمهارات الشفهية |
| 650 | 1 | 7 | _aمهارات الإتصال |
| 653 | _aفن إلقاء الخطب | ||
| 700 | 1 |
_aعبد اللاه، خالد _eمترجم |
|
| 942 |
_2ddc _cBK |
||
| 999 |
_c121990 _d121990 |
||